|
|
|
|
| LEADER |
01329nam a22003377a 4500 |
| 001 |
38800 |
| 003 |
BD-DhAAL |
| 008 |
220606t2003 enka 000 0 eng d |
| 999 |
|
|
|c 44269
|d 44269
|
| 020 |
|
|
|a 9780415276009 (pbk)
|
| 020 |
|
|
|a 9780415275996 (hbk)
|
| 040 |
|
|
|a BD-DhAAL
|c BD-DhAAL
|
| 082 |
|
|
|a 401.9
|2 23
|
| 100 |
|
|
|a Field, John.
|9 48972
|
| 245 |
|
|
|a Psycholinguistics :
|b a resource book for students /
|c John Field.
|
| 260 |
|
|
|a London :
|b Routledge,
|c c2003.
|
| 300 |
|
|
|a xvii, 231 pages :
|b illustrations ;
|c 26 cm.
|
| 490 |
|
|
|a Routledge English language introductions.
|
| 504 |
|
|
|a Includes bibliographical references (pages [212]-226) and index.
|
| 526 |
|
|
|a ENH
|
| 541 |
|
|
|a Trim Education
|e 38800
|
| 650 |
|
|
|a Psycholinguistics.
|9 48973
|
| 650 |
|
|
|a Language, Psychology of.
|9 48974
|
| 650 |
|
|
|a Language and languages.
|9 48975
|
| 650 |
|
|
|a Linguistics.
|9 48976
|
| 650 |
|
|
|a English language.
|9 48977
|
| 830 |
|
|
|a Routledge English Language Introductions series.
|9 48978
|
| 830 |
|
|
|a Routledge English language introductions.
|9 48979
|
| 852 |
|
|
|a Ayesha Abed Library
|c General Stacks
|
| 942 |
|
|
|2 ddc
|c BK
|
| 952 |
|
|
|0 0
|1 0
|2 ddc
|4 0
|6 401_900000000000000_FIE
|7 0
|9 70738
|a BRACUL
|b BRACUL
|c GEN
|d 2022-05-31
|e Trim Education
|g 2000.00
|l 3
|m 19
|o 401.9 FIE
|p 3010038800
|r 2026-01-17
|s 2025-11-20
|t 1
|v 2000.00
|w 2022-05-31
|y BK
|